<?xml version="1.0" encoding="UTF-8"?>
<record
    xmlns:xsi="http://www.w3.org/2001/XMLSchema-instance"
    xsi:schemaLocation="http://www.loc.gov/MARC21/slim http://www.loc.gov/standards/marcxml/schema/MARC21slim.xsd"
    xmlns="http://www.loc.gov/MARC21/slim">

  <leader>03075ngm a22005777a 4500</leader>
  <controlfield tag="006">a|||||s|||||00| 0 </controlfield>
  <controlfield tag="007">tz</controlfield>
  <controlfield tag="008">110614s2010    cau|||||s|||| 00| 0 eng d</controlfield>
  <datafield tag="020" ind1=" " ind2=" ">
    <subfield code="a">883929086085</subfield>
  </datafield>
  <datafield tag="020" ind1=" " ind2=" ">
    <subfield code="a">1419885944 </subfield>
  </datafield>
  <datafield tag="020" ind1=" " ind2=" ">
    <subfield code="a">9781419885945</subfield>
  </datafield>
  <datafield tag="082" ind1=" " ind2=" ">
    <subfield code="2">22</subfield>
    <subfield code="a">791.4372</subfield>
    <subfield code="b">DOC</subfield>
  </datafield>
  <datafield tag="245" ind1="0" ind2="0">
    <subfield code="a">Doctor Zhivago</subfield>
    <subfield code="h">[videorecording] /</subfield>
    <subfield code="c">Metro-Goldwyn-Mayer presents ; a Carlo Ponti production ; David Lean's film ; produced by Carlo Ponti ; screenplay by Robert Bolt ; directed by David Lean.</subfield>
  </datafield>
  <datafield tag="250" ind1=" " ind2=" ">
    <subfield code="a">Anniversary ed.</subfield>
  </datafield>
  <datafield tag="260" ind1=" " ind2=" ">
    <subfield code="a"> Burbank, CA : </subfield>
    <subfield code="b"> Warner Home Video, 2010</subfield>
    <subfield code="c">2010</subfield>
  </datafield>
  <datafield tag="300" ind1=" " ind2=" ">
    <subfield code="a">2 videodiscs (200 min.) : </subfield>
    <subfield code="b">sd., col. ; </subfield>
    <subfield code="c">4 3/4 in.</subfield>
  </datafield>
  <datafield tag="500" ind1=" " ind2=" ">
    <subfield code="a">Originally released as a motion picture in 1965.</subfield>
  </datafield>
  <datafield tag="500" ind1=" " ind2=" ">
    <subfield code="a">Based on the novel by Boris Pasternak</subfield>
  </datafield>
  <datafield tag="500" ind1=" " ind2=" ">
    <subfield code="a">Based on the novel by Boris Pasternak</subfield>
  </datafield>
  <datafield tag="508" ind1=" " ind2=" ">
    <subfield code="a">Director of photography, Freddie Young ; film editor, Norman Savage ; original music, Maurice Jarre.</subfield>
  </datafield>
  <datafield tag="511" ind1=" " ind2=" ">
    <subfield code="a">Omar Sharif, Julie Christie, Geraldine Chaplin, Rod Steiger, Alec Guinness, Tom Courtenay, Siobhan McKenna, Ralph Richardson, Rita Tushingham</subfield>
  </datafield>
  <datafield tag="520" ind1=" " ind2=" ">
    <subfield code="a">Traces the life of surgeon-poet Yury Zhivago before and during the Russian Revolution. Married to an upper-class girl who is devoted to him, yet he finds himself in love with an unfortunate woman who becomes his muse. Zhivago becomes torn between fidelity and passion. Sympathetic with the Bolshevik revolution, but shaken by the wars and purges, he struggles to retain his individualism as a humanist amid the spirit of collectivism.</subfield>
  </datafield>
  <datafield tag="521" ind1=" " ind2=" ">
    <subfield code="a">MPAA rating: PG-13; for mature themes.</subfield>
  </datafield>
  <datafield tag="538" ind1=" " ind2=" ">
    <subfield code="a">DVD, region 1, widescreen (letterbox, enhanced) presentation; Dolby Digital 5.1 surround, dual-layer.</subfield>
  </datafield>
  <datafield tag="546" ind1=" " ind2=" ">
    <subfield code="a">English and French language tracks with French and Spanish subtitles</subfield>
  </datafield>
  <datafield tag="586" ind1=" " ind2=" ">
    <subfield code="a">5 Academic Awards, Best Art Direction, Best Cinematography - Best Writing - Best Costume Design, Best Original Score, 1965  </subfield>
  </datafield>
  <datafield tag="651" ind1=" " ind2=" ">
    <subfield code="9">25218</subfield>
    <subfield code="a">Soviet Union</subfield>
    <subfield code="v">Drama</subfield>
    <subfield code="x">History</subfield>
    <subfield code="y">Revolution, 1917-1921</subfield>
  </datafield>
  <datafield tag="653" ind1=" " ind2=" ">
    <subfield code="c">June2011</subfield>
  </datafield>
  <datafield tag="655" ind1=" " ind2=" ">
    <subfield code="a">Feature films</subfield>
  </datafield>
  <datafield tag="655" ind1=" " ind2=" ">
    <subfield code="a">War films   </subfield>
  </datafield>
  <datafield tag="655" ind1=" " ind2=" ">
    <subfield code="a">Romance films</subfield>
  </datafield>
  <datafield tag="700" ind1=" " ind2=" ">
    <subfield code="9">25223</subfield>
    <subfield code="a">Jarre, Maurice   </subfield>
    <subfield code="e">cmp</subfield>
  </datafield>
  <datafield tag="700" ind1=" " ind2=" ">
    <subfield code="9">25222</subfield>
    <subfield code="a"> Bolt, Robert</subfield>
    <subfield code="e">aus</subfield>
  </datafield>
  <datafield tag="700" ind1=" " ind2=" ">
    <subfield code="9">25220</subfield>
    <subfield code="a">Ponti, Carlo</subfield>
    <subfield code="d">1912-2007   </subfield>
    <subfield code="e">pro</subfield>
  </datafield>
  <datafield tag="700" ind1=" " ind2=" ">
    <subfield code="9">25221</subfield>
    <subfield code="a">Lean, David</subfield>
    <subfield code="d">1908-1991   </subfield>
    <subfield code="e">pro</subfield>
    <subfield code="e">drt</subfield>
  </datafield>
  <datafield tag="700" ind1=" " ind2=" ">
    <subfield code="9">25224</subfield>
    <subfield code="a">Savage, Norman</subfield>
    <subfield code="e">flm</subfield>
  </datafield>
  <datafield tag="700" ind1=" " ind2=" ">
    <subfield code="9">25225</subfield>
    <subfield code="a">Young, Freddie</subfield>
    <subfield code="e">cng</subfield>
  </datafield>
  <datafield tag="700" ind1=" " ind2=" ">
    <subfield code="9">25226</subfield>
    <subfield code="a">Sharif, Omar</subfield>
    <subfield code="d">1932-   </subfield>
    <subfield code="e">act</subfield>
  </datafield>
  <datafield tag="700" ind1=" " ind2=" ">
    <subfield code="9">25227</subfield>
    <subfield code="a">Christie, Julie </subfield>
    <subfield code="e">act</subfield>
  </datafield>
  <datafield tag="700" ind1=" " ind2=" ">
    <subfield code="9">25228</subfield>
    <subfield code="a">Chaplin, Geraldine</subfield>
    <subfield code="d">1944-   </subfield>
    <subfield code="e">act</subfield>
  </datafield>
  <datafield tag="700" ind1=" " ind2=" ">
    <subfield code="9">25229</subfield>
    <subfield code="a">Steiger, Rod</subfield>
    <subfield code="d">1925-2002   </subfield>
    <subfield code="e">act</subfield>
  </datafield>
  <datafield tag="700" ind1=" " ind2=" ">
    <subfield code="9">25230</subfield>
    <subfield code="a">Guinness, Alec</subfield>
    <subfield code="d">1914-2000 </subfield>
    <subfield code="e">act</subfield>
  </datafield>
  <datafield tag="700" ind1=" " ind2=" ">
    <subfield code="9">25231</subfield>
    <subfield code="a">Courtenay, Tom   </subfield>
    <subfield code="e">act</subfield>
  </datafield>
  <datafield tag="700" ind1=" " ind2=" ">
    <subfield code="9">25232</subfield>
    <subfield code="a">McKenna, Siobhan</subfield>
    <subfield code="d">1923-1986   </subfield>
    <subfield code="e">act</subfield>
  </datafield>
  <datafield tag="700" ind1=" " ind2=" ">
    <subfield code="9">25233</subfield>
    <subfield code="a">Richardson, Ralph</subfield>
    <subfield code="c">Sir</subfield>
    <subfield code="d">1902-1983   </subfield>
    <subfield code="e">act</subfield>
  </datafield>
  <datafield tag="700" ind1=" " ind2=" ">
    <subfield code="9">25234</subfield>
    <subfield code="a">Tushingham, Rita</subfield>
    <subfield code="d">1942-</subfield>
    <subfield code="e">act</subfield>
  </datafield>
  <datafield tag="710" ind1=" " ind2=" ">
    <subfield code="9">25081</subfield>
    <subfield code="a">Metro-Goldwyn-Mayer</subfield>
  </datafield>
  <datafield tag="710" ind1=" " ind2=" ">
    <subfield code="9">25082</subfield>
    <subfield code="a">Warner Home Video (Firm)</subfield>
  </datafield>
  <datafield tag="710" ind1=" " ind2=" ">
    <subfield code="9">25083</subfield>
    <subfield code="a">Turner Entertainment Co.</subfield>
  </datafield>
  <datafield tag="942" ind1=" " ind2=" ">
    <subfield code="2">ddc</subfield>
    <subfield code="c">CDVDMOV</subfield>
  </datafield>
  <datafield tag="999" ind1=" " ind2=" ">
    <subfield code="c">15592</subfield>
    <subfield code="d">15592</subfield>
  </datafield>
  <datafield tag="952" ind1=" " ind2=" ">
    <subfield code="0">0</subfield>
    <subfield code="1">0</subfield>
    <subfield code="2">ddc</subfield>
    <subfield code="4">0</subfield>
    <subfield code="7">0</subfield>
    <subfield code="8">Baccah</subfield>
    <subfield code="a">MAIN</subfield>
    <subfield code="b">MAIN</subfield>
    <subfield code="c">2ND</subfield>
    <subfield code="d">2011-06-14</subfield>
    <subfield code="e">Purchase</subfield>
    <subfield code="g">221.00</subfield>
    <subfield code="h">12344</subfield>
    <subfield code="l">3</subfield>
    <subfield code="m">3</subfield>
    <subfield code="o">791.4372 DOC</subfield>
    <subfield code="p">000024210</subfield>
    <subfield code="r">2022-08-24 00:00:00</subfield>
    <subfield code="s">2022-02-16</subfield>
    <subfield code="w">2011-06-14</subfield>
    <subfield code="y">CDVDWBB</subfield>
    <subfield code="z">2 DVDs</subfield>
  </datafield>
</record>
